000 00659nam a22002417a 4500
003 UA-OsUOA
001 39144
007 ta
008 20060613b un ||||| |||| 00| 0 ukr d
100 _aФедоров Ю. о.
090 _a27(091)(477)
_bФ33
942 _cBK
040 _aUA-OsUOA
_bukr
_cUA-OsUOA
_dUA-OsUOA
245 _aІсторія церкви в Україні
300 _a361 с.
955 _a2
041 _aukr
080 _a27(091)(477)
020 _a966-561-245-Х
260 _aЛьвів
_bСвічадо
_c2001
650 7 _a27 Загальна історія Християнської церкви
_2UDC
999 _c325289
_d325289